000 00526nam a2200217Ia 4500
003 OSt
005 20220928143050.0
006 a|||||r|||| 00| 0
007 ta
008 220927b |||||||| |||| 00| 0 eng d
024 _a20883
037 _cTextual
040 _aSDCL
_cSDCL
_beng
041 _2eng
_aeng
082 _aO152,3N272,5, L7
100 _aRaza Raahi Masoom
245 0 _aSeen.
260 _c1977
942 _hO152,3N272,5, L7
_cTEXL
_2CC
999 _c822975
_d822975